<?xml version="1.0" encoding="UTF-8"?><?xml-stylesheet type="text/xsl" href="static/style.xsl"?><OAI-PMH xmlns="http://www.openarchives.org/OAI/2.0/" xmlns:xsi="http://www.w3.org/2001/XMLSchema-instance" xsi:schemaLocation="http://www.openarchives.org/OAI/2.0/ http://www.openarchives.org/OAI/2.0/OAI-PMH.xsd"><responseDate>2026-04-14T14:38:16Z</responseDate><request verb="GetRecord" identifier="oai:uvadoc.uva.es:10324/69920" metadataPrefix="marc">https://uvadoc.uva.es/oai/request</request><GetRecord><record><header><identifier>oai:uvadoc.uva.es:10324/69920</identifier><datestamp>2025-03-26T19:45:19Z</datestamp><setSpec>com_10324_5654</setSpec><setSpec>com_10324_5186</setSpec><setSpec>com_10324_29291</setSpec><setSpec>col_10324_69915</setSpec></header><metadata><record xmlns="http://www.loc.gov/MARC21/slim" xmlns:doc="http://www.lyncode.com/xoai" xmlns:xsi="http://www.w3.org/2001/XMLSchema-instance" xmlns:dcterms="http://purl.org/dc/terms/" xsi:schemaLocation="http://www.loc.gov/MARC21/slim http://www.loc.gov/standards/marcxml/schema/MARC21slim.xsd">
<leader>00925njm 22002777a 4500</leader>
<datafield tag="042" ind1=" " ind2=" ">
<subfield code="a">dc</subfield>
</datafield>
<datafield tag="720" ind1=" " ind2=" ">
<subfield code="a">Sancho-Garcia, Juan-Carlos</subfield>
<subfield code="e">author</subfield>
</datafield>
<datafield tag="720" ind1=" " ind2=" ">
<subfield code="a">Ivorra Alemañy, Adrián</subfield>
<subfield code="e">author</subfield>
</datafield>
<datafield tag="260" ind1=" " ind2=" ">
<subfield code="c">2024</subfield>
</datafield>
<datafield tag="520" ind1=" " ind2=" ">
<subfield code="a">El desarrollo y uso de la inteligencia artificial (IA) ha crecido exponencialmente en los últimos años, formando parte de numerosos campos relevantes y diversos, y por tanto irrumpiendo en la sociedad y en los comportamientos colectivos de su ciudadanía. Sin embargo, su importante papel no parece aún ser del todo apreciado por las personas, incluso siendo en ocasiones malinterpretado o infravalorado. Por consiguiente, revisamos en este trabajo el origen y la definición de IA, algunos de sus más destacados ejemplos actuales de aplicación, su impacto ambiental, así como arrojamos algunas sugerencias para preguntas futuras en encuestas sociológicas mas detalladas sobre IA.</subfield>
</datafield>
<datafield tag="024" ind2=" " ind1="8">
<subfield code="a">Sociología y tecnociencia; Vol. 14 No. 2 (2024): Miscellany pags. 113-136</subfield>
</datafield>
<datafield tag="024" ind2=" " ind1="8">
<subfield code="a">1989-8487</subfield>
</datafield>
<datafield tag="024" ind2=" " ind1="8">
<subfield code="a">https://uvadoc.uva.es/handle/10324/69920</subfield>
</datafield>
<datafield tag="024" ind2=" " ind1="8">
<subfield code="a">10.24197/st.2.2024.113-136</subfield>
</datafield>
<datafield tag="024" ind2=" " ind1="8">
<subfield code="a">113</subfield>
</datafield>
<datafield tag="024" ind2=" " ind1="8">
<subfield code="a">2</subfield>
</datafield>
<datafield tag="024" ind2=" " ind1="8">
<subfield code="a">136</subfield>
</datafield>
<datafield ind1=" " ind2=" " tag="653">
<subfield code="a">Sociología</subfield>
</datafield>
<datafield tag="245" ind1="0" ind2="0">
<subfield code="a">The irruption of Artificial Intelligence (AI) into the scientific and social domains</subfield>
</datafield>
</record></metadata></record></GetRecord></OAI-PMH>